Statistics for 2000s Movie Trivia #1

Click here to take the quiz!

General Stats

  • This quiz has been taken 48,309 times
  • The average score is 11 of 20

Answer Stats

QuestionAnswer% Correct
What type of fish was Nemo?Clownfish
95%
What was the name of Shrek's love interest?Fiona
88%
In the movie "Cast Away" what was Wilson?a Volleyball
80%
Crouching tiger, hidden what?Dragon
69%
What was the highest-grossing movie of the decade?Avatar
67%
What supernatural creatures were featured in the movies
"Shaun of the Dead" and "28 Days Later"?
Zombies
63%
What Australian actor died of a drug overdose in 2008?Heath Ledger
61%
Who directed the "Lord of the Rings" trilogy?Peter Jackson
59%
What was the name of the third "Fast and Furious" movie?The Fast and the Furious:
{Tokyo} {Drift}
57%
What sport was featured in the movie "Invictus"?Rugby Union
56%
In what movie did Tina Fey play a math teacher?Mean Girls
49%
What movie, directed by Mel Gibson, was considered antisemitic by some?The Passion of the Christ
49%
What brothers shared a Best Director Oscar for "No Country for Old Men"?Joel and Ethan Coen
48%
What might you say after defeating someone in a dance battle?You Got {Served}
44%
Who became the first black woman to win an Oscar for Best Actress?Halle Berry
42%
In what country did "Pan's Labyrinth" take place?Spain
38%
What male actor's career reached a nadir with the movie "Gigli"?Ben Affleck
36%
What real-life Motown group was the inspiration for the movie "Dreamgirls"?The Supremes
36%
Who directed "Fahrenheit 9/11"?Michael Moore
31%
What widely-panned movie starred Britney Spears?Crossroads
23%

Score Distribution

Percentile by Number Answered

Percent of People with Each Score

Your Score History

You have not taken this quiz